Wings of Fire by color - Red - Statistics

General Stats
  • This quiz has been taken 55 times
    53 since last reset
  • The average score is 8 of 10
Answer Stats
Hint Answer % Correct
An egg the color of dragon ____ blood
100%
What does red signify on a RainWing? anger
98%
The queen of the SkyWings, as of book 15. Ruby
98%
This SkyWing queen is actually orange. Whoops... Scarlet
95%
The meanest guardian under the mountain. Kestrel
93%
This Jade Mountain student died in an explosion. Carnelian
80%
What parts of the Breath of Evil are most red? seeds/stems
60%
The only book in the series with a red cover (as of 2025). Darkstalker
48%
This SkyWing princess was invited to the SeaWing Island Palace. Sunset
48%
The most powerful weapon in the universe, according to Kinkajou. strawberry
35%
No matching quizzes found
Score Distribution
Percent of People with Each Score
Percentile by Number Answered
Your Score History
You have not taken this quiz since the last reset